<?xml version="1.0" encoding="UTF-8"?>
<record
    xmlns:xsi="http://www.w3.org/2001/XMLSchema-instance"
    xsi:schemaLocation="http://www.loc.gov/MARC21/slim http://www.loc.gov/standards/marcxml/schema/MARC21slim.xsd"
    xmlns="http://www.loc.gov/MARC21/slim">

  <leader>01888nam a2200385 a 4500</leader>
  <controlfield tag="001">00166</controlfield>
  <controlfield tag="003">DO-SdBNP</controlfield>
  <controlfield tag="005">20180309115118.0</controlfield>
  <controlfield tag="007">00166</controlfield>
  <controlfield tag="008">091118s2008    dr 2008       000 0 spa d</controlfield>
  <datafield tag="020" ind1=" " ind2=" ">
    <subfield code="a">9789945112078  - Gu&#xED;a</subfield>
  </datafield>
  <datafield tag="040" ind1=" " ind2=" ">
    <subfield code="a">BPMSU</subfield>
    <subfield code="b">spa</subfield>
    <subfield code="c">BPMSU</subfield>
  </datafield>
  <datafield tag="092" ind1=" " ind2=" ">
    <subfield code="a">372.83</subfield>
    <subfield code="b">B828s    8vo.   2008</subfield>
  </datafield>
  <datafield tag="100" ind1="1" ind2=" ">
    <subfield code="a">Brea, Jos&#xE9;</subfield>
  </datafield>
  <datafield tag="245" ind1="1" ind2="0">
    <subfield code="a">Sociedad 8 :</subfield>
    <subfield code="b">b&#xE1;sica /</subfield>
    <subfield code="c">Jos&#xE9; Brea, Henry Ramos Santos, Fanny Capell&#xE1;n ; direcii&#xF3;n editorial Obdulia Garc&#xED;a de Escobar</subfield>
  </datafield>
  <datafield tag="260" ind1=" " ind2=" ">
    <subfield code="a">Santo Domingo :</subfield>
    <subfield code="b">Santillana,</subfield>
    <subfield code="c">2008.</subfield>
  </datafield>
  <datafield tag="300" ind1=" " ind2=" ">
    <subfield code="a">207 p. :</subfield>
    <subfield code="b">il., mapas., retrs. ;</subfield>
    <subfield code="c">28 cm.</subfield>
  </datafield>
  <datafield tag="490" ind1="1" ind2=" ">
    <subfield code="a">Coral</subfield>
  </datafield>
  <datafield tag="500" ind1=" " ind2=" ">
    <subfield code="a">La biblioteca solamente posee la gu&#xED;a  </subfield>
  </datafield>
  <datafield tag="505" ind1="0" ind2=" ">
    <subfield code="t">Unidad 1.</subfield>
    <subfield code="t">Los inicios el siglo XXl --</subfield>
    <subfield code="t">Unidad 2 .</subfield>
    <subfield code="t">Las pugnas caudillistas --</subfield>
    <subfield code="t">Unidad 3 .</subfield>
    <subfield code="t">La intervenci&#xF3;n norteamericana de 1916-1924 --</subfield>
    <subfield code="t">Unidad 4 .</subfield>
    <subfield code="t">La dictadura de Trujillo --</subfield>
    <subfield code="t">Unidad 5 .</subfield>
    <subfield code="t">La oposici&#xF3;n pol&#xED;tica y la ca&#xED;da de la dictadura --</subfield>
    <subfield code="t">Unidad 6 .</subfield>
    <subfield code="t">El Caribe entre 1900 y 1970 --</subfield>
    <subfield code="t">Unidad 7.</subfield>
    <subfield code="t">El pa&#xED;s entre 1961 y 1965 --</subfield>
    <subfield code="t">Unidad 8.</subfield>
    <subfield code="t">Los gobiernos de Balaguer (1966-1978) --</subfield>
    <subfield code="t">Unidad 9 .</subfield>
    <subfield code="t">Los gobiernos desde 1978 hasta el 2008 --</subfield>
    <subfield code="t">Unidad 10 .</subfield>
    <subfield code="t">La econom&#xED;a dominicana hoy --</subfield>
    <subfield code="t">Unidad 11 .</subfield>
    <subfield code="t">La cultura dominicana --</subfield>
    <subfield code="t">Unidad 12 .</subfield>
    <subfield code="t">La organizaci&#xF3;n del espacio .</subfield>
  </datafield>
  <datafield tag="650" ind1=" " ind2="4">
    <subfield code="a">CIENCIAS SOCIALES</subfield>
    <subfield code="z">ENSE&#xD1;ANZA B&#xC1;SICA </subfield>
  </datafield>
  <datafield tag="650" ind1=" " ind2="4">
    <subfield code="a">CIENCIAS SOCIALES</subfield>
    <subfield code="x">EDUCACI&#xD3;N PRIMARIA </subfield>
  </datafield>
  <datafield tag="650" ind1=" " ind2="4">
    <subfield code="a">CIENCIAS SOCIALES</subfield>
    <subfield code="x">LIBROS DE TEXTOS</subfield>
  </datafield>
  <datafield tag="650" ind1=" " ind2="4">
    <subfield code="a">CIENCIAS SOCIALES</subfield>
    <subfield code="x">LIBROS DE TEXTOS</subfield>
  </datafield>
  <datafield tag="650" ind1=" " ind2="4">
    <subfield code="a">EDUCACI&#xD3;N PRIMARIA</subfield>
    <subfield code="z">REP&#xDA;BLICA DOMINICANA</subfield>
  </datafield>
  <datafield tag="700" ind1="1" ind2="2">
    <subfield code="a">Ramos Santos, Henry</subfield>
  </datafield>
  <datafield tag="700" ind1=" " ind2=" ">
    <subfield code="a">Capell&#xE1;n, Fanny</subfield>
  </datafield>
  <datafield tag="700" ind1=" " ind2=" ">
    <subfield code="a">Garc&#xED;a de Escobar, Obdulia, </subfield>
    <subfield code="e">ed.</subfield>
  </datafield>
  <datafield tag="830" ind1=" " ind2="0">
    <subfield code="a">Coral</subfield>
  </datafield>
  <datafield tag="910" ind1=" " ind2=" ">
    <subfield code="a">Validado. Control de calidad MFF</subfield>
  </datafield>
  <datafield tag="942" ind1=" " ind2=" ">
    <subfield code="2">ddc</subfield>
    <subfield code="c">BK</subfield>
  </datafield>
  <datafield tag="945" ind1=" " ind2=" ">
    <subfield code="a">Remanejado para la BNPHU / 2018 VM</subfield>
  </datafield>
  <datafield tag="952" ind1=" " ind2=" ">
    <subfield code="0">0</subfield>
    <subfield code="1">0</subfield>
    <subfield code="2">ddc</subfield>
    <subfield code="4">0</subfield>
    <subfield code="7">0</subfield>
    <subfield code="8">CE</subfield>
    <subfield code="a">BPMET</subfield>
    <subfield code="b">BPMET</subfield>
    <subfield code="d">2016-04-08</subfield>
    <subfield code="e">Donaci&#xF3;n</subfield>
    <subfield code="l">0</subfield>
    <subfield code="o">372.83   B828S   8vo.    </subfield>
    <subfield code="p">BPMSU16040236</subfield>
    <subfield code="r">2016-04-08</subfield>
    <subfield code="w">2016-04-08</subfield>
    <subfield code="y">BK</subfield>
  </datafield>
  <datafield tag="952" ind1=" " ind2=" ">
    <subfield code="0">0</subfield>
    <subfield code="1">0</subfield>
    <subfield code="2">ddc</subfield>
    <subfield code="4">0</subfield>
    <subfield code="7">0</subfield>
    <subfield code="8">CE</subfield>
    <subfield code="a">BPMET</subfield>
    <subfield code="b">BPMET</subfield>
    <subfield code="d">2016-04-08</subfield>
    <subfield code="e">Donaci&#xF3;n</subfield>
    <subfield code="l">0</subfield>
    <subfield code="o">372.83   B828s   8vo.   2008   Gu&#xED;a  </subfield>
    <subfield code="p">BPMSU16040237</subfield>
    <subfield code="r">2016-04-08</subfield>
    <subfield code="t">e. 2</subfield>
    <subfield code="w">2016-04-08</subfield>
    <subfield code="y">BK</subfield>
  </datafield>
  <datafield tag="956" ind1=" " ind2=" ">
    <subfield code="a">VMATEO</subfield>
    <subfield code="b">10</subfield>
    <subfield code="c">20150615</subfield>
    <subfield code="l">BPMSU</subfield>
    <subfield code="h">00151</subfield>
  </datafield>
  <datafield tag="956" ind1=" " ind2=" ">
    <subfield code="a">BTAV&#xC1;REZ</subfield>
    <subfield code="b">10</subfield>
    <subfield code="c">20160408</subfield>
    <subfield code="l">166</subfield>
  </datafield>
  <datafield tag="999" ind1=" " ind2=" ">
    <subfield code="c">9648</subfield>
    <subfield code="d">9648</subfield>
  </datafield>
</record>
